Statistics for US Cities That Start With R

Click here to take the quiz!

General Stats

  • This quiz has been taken 59 times
  • The average score is 3 of 5

Answer Stats

Population City % Correct
458,880Raleigh
78%
223,170Richmond
67%
208,880Rochester
47%
245,255Reno
45%
324,722Riverside
25%

Score Distribution

Percentile by Number Answered

Percent of People with Each Score

Your Score History

You have not taken this quiz